Àrea d'Esports 2008 - 2011
Descripción Física:
26 f. : quadres ; 29 cm
MARC
| LEADER | 00000nam a2200000Ia 4500 | ||
|---|---|---|---|
| 001 | 21614 | ||
| 008 | 160829s2008 xx 000 0 cat d | ||
| 080 | |a FU-41-12 | ||
| 245 | |a Àrea d'Esports 2008 - 2011 | ||
| 260 | |a Barcelona : |b Diputació de Barcelona. Àrea d'Esports, |c 2008 | ||
| 300 | |a 26 f. : |b quadres ; |c 29 cm | ||
| 650 | |a Barcelona. Diputació. Àrea d'Esports |x Planificació |9 46438 | ||
| 710 | |a Barcelona (Catalunya : Província). |b Àrea d'Esports |9 53827 | ||
| 901 | |a Arxiu | ||
| 942 | |n 1 | ||
| 952 | |0 0 |1 0 |4 0 |6 FU4112 |7 1 |9 53215 |a Arxiu |b Arxiu |d 2016-12-01 |l 0 |o FU-41-12 |p 21614 |r 2016-12-01 00:00:00 |w 2016-12-01 |y ARXIU | ||
| 999 | |c 57064 |d 57064 | ||